Não há planeta B (Record no. 1467)

MARC details
000 -Etiqueta do registo
Valores 00601cam a2200241 4500
010 ## - Número ISBN
ISBN 9789897103612
021 ## - Número do Depósito Legal
Código do país Portugal
Número 467112/20
100 ## - Dados gerais de processamento
Dados gerais 20231205d2020 m||y0pory50030103ba
101 ## - Língua de publicação
Língua Português
102 ## - País de publicação
País Portugal
200 ## - Titulo e menção de responsabilidade
Título próprio Não há planeta B
Primeira menção de responsabilidade Carmen Lima
205 ## - Menção da edição
Edição 1ª edição
210 ## - Publicação
Local de publicação Lisboa
Nome do editor Chá das Cinco,
Data de publicação 2020
215 ## - Descrição física 
Paginação / Volumes 207 p.
Outras indicações físicas il.
Dimensões 21cm
300 ## - Notas gerais 
Texto da nota BMB-Registado
606 ## - Nome comum usado como assunto
ID Autoridade 1093
Palavra de ordem Natureza
606 ## - Nome comum usado como assunto
ID Autoridade 1503
Palavra de ordem Conservação da natureza
675 ## - CDU
Notação 502.3
Edição BMB
Língua por
700 ## - Autor principal (pessoa individual)
Apelido Lima
Nome Carmen
ID Autoridade 1631
801 ## - Fonte de origem
País PT
Agência BMB
Regras de catalogação RPC
990 ## - Elementos KOHA
Tipo de documento Livro
Holdings
Situação do levantamento Estado Número Biblioteca de origem Código de barras Cota Permissão de empréstimo Tipo de documento Forma de aquisição
    1 Biblioteca Municipal de Borba 1180 502.3 LIM / NAO   Livro Compra
Biblioteca Municipal de Borba

Powered by Koha